书目信息 |
| 题名: |
向左走向右走
|
|
| 作者: | 陈建云, 著 | |
| 分册: | ||
| 出版信息: | 福州 福建教育出版社 2010.02 |
|
| 页数: | 325页 | |
| 开本: | 24cm | |
| 丛书名: | ||
| 单 册: | ||
| 中图分类: | G219.296 | |
| 科图分类: | ||
| 主题词: | 报刊--bao kan--新闻事业史--中国 | |
| 电子资源: | ||
| ISBN: | 978-7-5334-5298-8 | |
| 000 | 01123nam0 2200253 450 | |
| 001 | 012010641390 | |
| 005 | 20100605093230.65 | |
| 010 | @a978-7-5334-5298-8@dCNY36.00 | |
| 100 | @a20100604d2010 em y0chiy0120 ea | |
| 101 | 0 | @achi |
| 102 | @aCN@b350000 | |
| 105 | @ach a 000yy | |
| 106 | @ar | |
| 200 | 1 | @a向左走向右走@Axiang zuo zou xiang you zou@e一九四九年前后民间报人的出路抉择@f陈建云著@Fchen jian yun zhu |
| 210 | @a福州@c福建教育出版社@d2010.02 | |
| 215 | @a325页@c肖像, 摹真@d24cm | |
| 320 | @a有书目 (第319-323页) | |
| 330 | @a在1949年中国历史的大变局中,一度寻求“第三条道路”的民间报人,如果不愿意离开“父母之邦”,就必须在国共之间作出抉择:要么留在大陆支持共产党新政权,要么追随国民党退居台湾。《新民报》主人陈铭德、邓季惺夫妇,带着对新时代的憧憬选择了前者,《世界日报》老板成舍我选择了后者。 | |
| 517 | 1 | @a一九四九年前后民间报人的出路抉择@Ayi jiu si jiu nian qian hou min jian bao ren de chu lu jue ze |
| 606 | 0 | @a报刊@Abao kan@x新闻事业史@y中国 |
| 690 | @aG219.296@v4 | |
| 701 | 0 | @a陈建云,@Achen jian yun@f1967.8- @4著 |
| 801 | 0 | @aCN@bQSSK@c20100605 |
| 905 | @b781997-99@dG219.296@eC468@f3 | |
| 向左走向右走:一九四九年前后民间报人的出路抉择/陈建云著.-福州:福建教育出版社,2010.02 |
| 325页:肖像, 摹真;24cm |
| ISBN 978-7-5334-5298-8:CNY36.00 |
| 在1949年中国历史的大变局中,一度寻求“第三条道路”的民间报人,如果不愿意离开“父母之邦”,就必须在国共之间作出抉择:要么留在大陆支持共产党新政权,要么追随国民党退居台湾。《新民报》主人陈铭德、邓季惺夫妇,带着对新时代的憧憬选择了前者,《世界日报》老板成舍我选择了后者。 |
| ● |
| 相关链接 |
|
|
|
正题名:向左走向右走
索取号:G219.296/C468
 
预约/预借
| 序号 | 登录号 | 条形码 | 馆藏地/架位号 | 状态 | 备注 |
| 1 | 781997 | 207819976 | 社科库409/409社科库 57排7列3层/ [索取号:G219.296/C468] | 在馆 | |
| 2 | 781998 | 207819985 | 社科库409/409社科库 57排7列3层/ [索取号:G219.296/C468] | 在馆 | |
| 3 | 781999 | 207819994 | 社科库409/409社科库 57排7列3层/ [索取号:G219.296/C468] | 在馆 |